Sugerencias, simplificaciones y modificaciones técnicas de utilidad práctica para el laboratorio de análisis clínicos / (Record no. 64911)

MARC details
000 -LEADER
campo de control de longitud fija 00523nam a2200157 i 4500
001 - NÚMERO DE CONTROL
campo de control 64911
003 - IDENTIFICADOR DE NÚMERO DE CONTROL
campo de control ES-MaACL
005 - FECHA Y HORA DE LA ÚLTIMA TRANSACCIÓN
campo de control 20230906165242.0
007 - CAMPO FIJO DE DESCRIPCIÓN FÍSICA--INFORMACIÓN GENERAL
campo de control de longitud fija t|
008 - DATOS DE LONGITUD FIJA--INFORMACIÓN GENERAL
campo de control de longitud fija 040107s1963 sp ||||1| spa d
100 1# - ENTRADA PRINCIPAL--NOMBRE DE PERSONA
Nombre de persona Fossati, Carlo.
9 (RLIN) 51895
245 10 - MENCIÓN DEL TÍTULO
Título Sugerencias, simplificaciones y modificaciones técnicas de utilidad práctica para el laboratorio de análisis clínicos /
Mención de responsabilidad, etc. Carlos Fossati.
260 ## - PUBLICACIÓN, DISTRIBUCIÓN, ETC.
Lugar de publicación, distribución, etc. Madrid :
Nombre del editor, distribuidor, etc. Paz Montalvo,
Fecha de publicación, distribución, etc. 1963.
300 ## - DESCRIPCIÓN FÍSICA
Extensión 313 p. :
Otras características físicas il. ;
Dimensiones 22 cm.
852 ## - LOCALIZACIÓN
Ubicación ES-MaACL
Número de control de estantería C-23629
Sublocalización o colección R.52091
Holdings
Estatus retirado Estado de pérdida Estado de daño No para préstamo Biblioteca de origen Biblioteca actual Ubicación en estantería Fecha de adquisición Fuente de adquisición Total de préstamos Signatura topográfica completa Código de barras Visto por última vez Precio de reemplazo Tipo de ítem Koha
        Biblioteca del Ateneo de Madrid Biblioteca del Ateneo de Madrid Depósito 2 17/01/2008     C-23629 1068014 23/02/2023 23/02/2023 Libro impreso